Statistics for Join the Cities on a Map - London to Istanbul

Click here to take the quiz!

General Stats

  • This quiz has been taken 734 times
  • The average score is 16 of 26

Answers on the Map

Answers color-coded by a green-red scale on the quiz's map according to % correct below.
 

Answer Stats

City% Correct
LLondon
99%
IIstanbul
94%
BBrussels
91%
VVienna
90%
MMunich
88%
BBudapest
87%
FFrankfurt
86%
SSofia
86%
BBelgrade
81%
CCologne
79%
BBratislava
74%
DDover
70%
SSalzburg
68%
SStuttgart
65%
GGhent
58%
LLiège
48%
MMannheim
48%
LLinz
45%
DDunkirk
44%
NNovi Sad
43%
PPlovdiv
37%
AAugsburg
35%
UUlm
35%
KKarlsruhe
34%
BBurgas
29%
NNiš
29%

Score Distribution

Percentile by Number Answered

Percent of People with Each Score

Your Score History

You have not taken this quiz